[Event "VIII Festival de Semana Santa"]
[Site "Mondariz Balneario, Pontevedra"]
[Date "2011.04.22"]
[Round "7.7"]
[White "Saez Gabikagogeaskoa, Oscar"]
[Black "Beltran De Heredia E, Miguel"]
[Result "0-1"]
[WhiteElo "1968"]
[BlackElo "2116"]
[PlyCount "100"]
[EventDate "2011.04.16"]

1. e4 c5 2. c3 Nf6 3. e5 Nd5 4. d4 cxd4 5. Nf3 e6 6. Qxd4 Nc6 7. Qe4 f5 8. Qe2
Qc7 9. g3 b5 10. Bg2 a5 11. O-O Ba6 12. Nh4 Nde7 13. Rd1 b4 14. c4 Rc8 15. f4
Ng6 16. Nf3 Bc5+ 17. Kh1 O-O 18. b3 a4 19. Be3 Be7 20. Qf2 a3 21. Nbd2 d6 22.
Bb6 Qb8 23. exd6 Bxd6 24. Ng5 Rf6 25. Re1 Nf8 26. c5 Bc7 27. Rac1 Ne7 28. Nc4
h6 29. Nf3 Bxc4 30. bxc4 Nd7 31. Nd4 Nxb6 32. cxb6 Bxb6 33. Qd2 Qd6 34. Nf3
Qxd2 35. Nxd2 Bd4 36. Nf3 Bc3 37. Red1 Rxc4 38. Rd8+ Rf8 39. Rd7 Nd5 40. Ne5
Rd4 41. Nc6 Rd2 42. Bxd5 exd5 43. Ne7+ Kh7 44. Nxd5 Rxa2 45. Nxc3 bxc3 46. Rxc3
Re8 47. Rc1 Ree2 48. h4 Rh2+ 49. Kg1 Rhg2+ 50. Kf1 Rxg3 0-1

[Event "VIII Festival de Semana Santa"]
[Site "Mondariz Balneario, Pontevedra"]
[Date "2011.04.22"]
[Round "7.8"]
[White "Pimienta Sanchez, Manuel"]
[Black "Feijoo Novoa, Carlos"]
[Result "0-1"]
[WhiteElo "1877"]
[BlackElo "2089"]
[PlyCount "48"]
[EventDate "2011.04.16"]

1. d4 Nf6 2. e3 c5 3. f4 g6 4. Nf3 Bg7 5. Bd3 d6 6. O-O O-O 7. c3 Nc6 8. dxc5
dxc5 9. Qc2 e5 10. f5 e4 11. Bxe4 Nxe4 12. Qxe4 Bxf5 13. Qc4 Bd3 14. Qb3 Bxf1
15. Kxf1 Qd3+ 16. Kf2 Na5 17. Qa4 Nc4 18. e4 Nd6 19. Nbd2 b5 20. Ne1 Qxd2+ 21.
Bxd2 bxa4 22. Kf3 Rfe8 23. e5 Rxe5 24. g4 Rd5 0-1

[Event "VIII Festival de Semana Santa"]
[Site "Mondariz Balneario, Pontevedra"]
[Date "2011.04.22"]
[Round "7.9"]
[White "Ruiz Martinez, Isidro"]
[Black "Ballesteros Galvez, Daniel"]
[Result "1/2-1/2"]
[WhiteElo "1989"]
[BlackElo "1683"]
[PlyCount "76"]
[EventDate "2011.04.16"]

1. e4 e5 2. Nf3 Nf6 3. Nxe5 d6 4. Nf3 Nxe4 5. d3 Nf6 6. d4 Be7 7. c4 c6 8. Nc3
Bg4 9. Be2 Nbd7 10. O-O O-O 11. Re1 Re8 12. Qd3 Nf8 13. Bd2 Ng6 14. h3 Bxf3 15.
Bxf3 Qd7 16. Ne4 Nxe4 17. Bxe4 Bf6 18. Bf5 Qc7 19. g3 c5 20. Bxg6 hxg6 21. Bc3
cxd4 22. Bxd4 Bxd4 23. Qxd4 Qc5 24. Qxc5 dxc5 25. Rad1 Kf8 26. Kf1 Rxe1+ 27.
Kxe1 Ke7 28. Rd5 b6 29. Ke2 Rh8 30. h4 Rh5 31. Rxh5 gxh5 32. Ke3 Ke6 33. Ke4 g6
34. Kf4 f6 35. f3 a6 36. Ke4 g5 37. a4 a5 38. f4 f5+ 1/2-1/2

[Event "VIII Festival de Semana Santa"]
[Site "Mondariz Balneario, Pontevedra"]
[Date "2011.04.22"]
[Round "7.10"]
[White "Fernandez De Pablo, Miguel A"]
[Black "Ruiz Abad, Juan Manuel"]
[Result "1/2-1/2"]
[WhiteElo "2160"]
[BlackElo "1895"]
[PlyCount "87"]
[EventDate "2011.04.16"]

1. e4 c5 2. Nf3 Nc6 3. d4 cxd4 4. Nxd4 Nf6 5. Nc3 e5 6. Ndb5 d6 7. Bg5 a6 8.
Na3 b5 9. Nd5 Be7 10. Bxf6 Bxf6 11. c3 O-O 12. Nc2 Bg5 13. a4 bxa4 14. Rxa4 a5
15. Bc4 Rb8 16. b3 Kh8 17. O-O g6 18. b4 Bd7 19. Ra2 axb4 20. cxb4 Bh6 21. Qd3
f5 22. f3 Be6 23. Ra6 Rc8 24. Nb6 Bxc4 25. Qxc4 Nxb4 26. Qxc8 Qxc8 27. Nxc8
Nxa6 28. Nxd6 fxe4 29. Nxe4 Rc8 30. Ra1 Rxc2 31. Rxa6 Be3+ 32. Kf1 Bd4 33. Rd6
Rc1+ 34. Ke2 Rc2+ 35. Nd2 Bc3 36. Rd7 Bxd2 37. Rxd2 Rxd2+ 38. Kxd2 Kg7 39. Ke3
Kf6 40. Ke4 Ke6 41. g3 h6 42. h3 Kd6 43. h4 Ke6 44. Ke3 1/2-1/2

[Event "VIII Festival de Semana Santa"]
[Site "Mondariz Balneario, Pontevedra"]
[Date "2011.04.22"]
[Round "7.11"]
[White "Pousada Gonzalez, Almudena"]
[Black "Garcia Magadan, Ramon"]
[Result "1/2-1/2"]
[WhiteElo "1742"]
[BlackElo "2046"]
[PlyCount "72"]
[EventDate "2011.04.16"]

1. d4 Nf6 2. Bg5 Ne4 3. Bf4 c5 4. Nd2 Nxd2 5. Qxd2 cxd4 6. Nf3 d6 7. Bg3 e5 8.
h3 Be7 9. O-O-O Qb6 10. Bh2 Be6 11. a3 Nd7 12. e3 dxe3 13. fxe3 O-O 14. Bd3 Nc5
15. e4 Rac8 16. Kb1 a5 17. Ka1 Nb3+ 18. cxb3 Qxb3 19. Bb1 b5 20. Qd3 Qa4 21.
Rc1 b4 22. Bc2 Rxc2 23. Qxc2 Bb3 24. Qc6 bxa3 25. Qxa4 axb2+ 26. Kxb2 Bxa4 27.
Ka2 Rb8 28. Rb1 Rc8 29. Rb7 Bf8 30. Rhb1 Bc2 31. R1b2 Bxe4 32. Ra7 Bd5+ 33. Ka1
Rc1+ 34. Rb1 Rc2 35. Rb2 Rc1+ 36. Rb1 Rc2 1/2-1/2

[Event "VIII Festival de Semana Santa"]
[Site "Mondariz Balneario, Pontevedra"]
[Date "2011.04.22"]
[Round "7.12"]
[White "Picazo Gonzalez, Ana"]
[Black "Madurga Lopez, Ignacio"]
[Result "0-1"]
[WhiteElo "1722"]
[BlackElo "2017"]
[PlyCount "66"]
[EventDate "2011.04.16"]

1. d4 Nf6 2. c4 g6 3. Nc3 Bg7 4. e4 d6 5. f4 O-O 6. Nf3 Na6 7. Be2 e5 8. fxe5
dxe5 9. d5 Nc5 10. Bg5 h6 11. Bxf6 Qxf6 12. b4 Na6 13. a3 c5 14. Rb1 b6 15. O-O
Rd8 16. Kh1 Qe7 17. b5 Nc7 18. Qe1 Kh7 19. Qg3 Ne8 20. Rf2 Nd6 21. Rbf1 a6 22.
Nh4 axb5 23. Nxb5 Nxe4 24. Qe3 Nxf2+ 25. Qxf2 Bd7 26. d6 Qg5 27. Nf3 Qf6 28.
Qe3 Bxb5 29. cxb5 Qxd6 30. Bc4 f5 31. h3 e4 32. Nh4 Qd2 33. Qg3 Qg5 0-1

[Event "VIII Festival de Semana Santa"]
[Site "Mondariz Balneario, Pontevedra"]
[Date "2011.04.22"]
[Round "7.13"]
[White "Blanco Dans, Manuel"]
[Black "Monmeneu Chulia, Vicente Juan"]
[Result "1-0"]
[WhiteElo "1690"]
[BlackElo "1978"]
[PlyCount "25"]
[EventDate "2011.04.16"]

1. e4 d5 2. Nf3 dxe4 3. Ng5 Nf6 4. Bc4 e6 5. Nc3 Qd4 6. Qe2 Bd7 7. Ncxe4 Bc6 8.
c3 Qd8 9. Nxf7 Kxf7 10. Ng5+ Kg6 11. Bd3+ Kxg5 12. h4+ Kh6 13. Qe3+ 1-0

[Event "VIII Festival de Semana Santa"]
[Site "Mondariz Balneario, Pontevedra"]
[Date "2011.04.22"]
[Round "7.14"]
[White "Olivera Gutierrez, Albert"]
[Black "Martins, Guilherme Pires Tava"]
[Result "1-0"]
[WhiteElo "2073"]
[BlackElo "1627"]
[PlyCount "47"]
[EventDate "2011.04.16"]

1. e4 d5 2. exd5 Qxd5 3. Nc3 Qa5 4. d4 Nf6 5. Nf3 Ne4 6. Bd2 Nxd2 7. Nxd2 e6 8.
a3 c6 9. Bd3 Nd7 10. O-O Be7 11. Nc4 Qc7 12. Re1 O-O 13. Re3 g6 14. Rh3 e5 15.
d5 Nf6 16. Re3 Ng4 17. Rg3 f5 18. d6 Bxd6 19. Nxd6 e4 20. Bc4+ Kg7 21. Qd4+ Nf6
22. Qe5 Qd7 23. Rd1 f4 24. Rg5 1-0

[Event "VIII Festival de Semana Santa"]
[Site "Mondariz Balneario, Pontevedra"]
[Date "2011.04.22"]
[Round "7.18"]
[White "Juan Morado, Miguel"]
[Black "Nunez Alonso, Raul"]
[Result "1-0"]
[WhiteElo "1910"]
[BlackElo "1442"]
[PlyCount "31"]
[EventDate "2011.04.16"]

1. e4 c5 2. Nf3 d6 3. d4 cxd4 4. Nxd4 Nf6 5. Nc3 a6 6. Bc4 e6 7. Bb3 b5 8. O-O
Nbd7 9. Bg5 Be7 10. Bxe6 fxe6 11. Nxe6 Qa5 12. Nxg7+ Kf7 13. Nf5 b4 14. Nd5
Nxd5 15. Qh5+ Kf8 16. Bh6+ 1-0

[Event "VIII Festival de Semana Santa"]
[Site "Mondariz Balneario, Pontevedra"]
[Date "2011.04.22"]
[Round "7.19"]
[White "Dominguez Certal, Dario"]
[Black "Salas Rasilla, Concepcion"]
[Result "1/2-1/2"]
[WhiteElo "1529"]
[BlackElo "1809"]
[PlyCount "70"]
[EventDate "2011.04.16"]

1. d4 Nf6 2. c4 c5 3. dxc5 e6 4. Nf3 Bxc5 5. e3 Nc6 6. Nc3 O-O 7. Be2 a6 8. b3
Qc7 9. h3 b6 10. Bb2 Bb7 11. O-O Rfd8 12. Rc1 Qb8 13. Na4 Ne8 14. Nxc5 bxc5 15.
a3 d6 16. Qc2 Ne5 17. Nxe5 dxe5 18. b4 cxb4 19. axb4 Nf6 20. c5 Bc6 21. Ba3 h6
22. Rfd1 Qb7 23. f3 Nd5 24. Qb3 Nc7 25. Rxd8+ Rxd8 26. Rd1 Qa8 27. Rxd8+ Qxd8
28. Bxa6 Nxa6 29. b5 Bd5 30. Qa4 Nxc5 31. Bxc5 Qd7 32. Qa6 e4 33. Ba7 Bc4 34.
Qc6 Bxb5 35. Qxd7 Bxd7 1/2-1/2

[Event "VIII Festival de Semana Santa"]
[Site "Mondariz Balneario, Pontevedra"]
[Date "2011.04.22"]
[Round "7.21"]
[White "Olivera Miras, Albert"]
[Black "Fernandez Rey, Jorge"]
[Result "0-1"]
[WhiteElo "1573"]
[BlackElo "1688"]
[PlyCount "74"]
[EventDate "2011.04.16"]

1. e4 Nf6 2. Nc3 d5 3. f3 d4 4. Nb1 e5 5. Bc4 Nc6 6. d3 Na5 7. Nd2 Nxc4 8. Nxc4
b5 9. Nxe5 Qd6 10. Bf4 Nh5 11. Nxf7 Qg6 12. Nxh8 Qxg2 13. Qe2 Qxh1 14. O-O-O
Nxf4 15. Qf2 Be6 16. Ne2 Qg2 17. Qxg2 Nxg2 18. Nxd4 Bxa2 19. b3 Ba3+ 20. Kd2
Bb2 21. Nxb5 Be5 22. Rg1 Nf4 23. d4 Nh3 24. dxe5 Rd8+ 25. Kc3 Nxg1 26. Nxc7+
Kd7 27. Nf7 Rc8 28. f4 Rxc7+ 29. Kb2 Nh3 30. f5 Rc5 31. e6+ Ke7 32. b4 Rc4 33.
Ne5 Rxe4 34. Nc6+ Kd6 35. Nxa7 Bd5 36. Nb5+ Kc6 37. Na7+ Kb7 0-1